000 00643nam a22002057a 4500
003 OSt
005 20180727145955.0
008 161104b xxu||||| |||| 00| 0 eng d
020 _a978-99923-21-71-3
040 _cCRI
082 _a001.4 UNI imp
100 1 _942773
_aLópez de Castaneda, Noris Isabel
245 1 0 _aImportancia de los indicadores y la medición del quehacer científico
_cNoris Isabel López de Castaneda
250 _a1ª ed
260 _aSan Salvador
_bUniversidad Tecnológica de El Salvador
_c2011
300 _a24 p.
_bil.
_c24 cm
490 _aInvestigación
_v6
650 2 4 _92258
_aInvestigación
942 _2ddc
_cBK
999 _c26457
_d26457